Brazil 2026 World Cup Squad - Statistics

General Stats
  • This quiz has been taken 25 times
    7 since last reset
  • The average score is 16 of 27
Answer Stats
Hint Answer % Correct
FW Neymar
100%
GK Alisson
86%
MF Casemiro
86%
GK Ederson
86%
FW Matheus Cunha
86%
FW Vinicius Jr
86%
DF Alex Sandro
71%
MF Bruno Guimaraes
71%
FW Endrick
71%
DF Gabriel
71%
MF Lucas Paqueta
71%
FW Raphinha
71%
Carlo Ancelotti
57%
DF Danilo
57%
MF Danilo
57%
DF Douglas Santos
57%
DF Marquinhos
57%
DF Bremer
43%
MF Fabinho
43%
DF Leonardo Pereira
43%
FW Rayan
43%
DF Wesley
43%
GK Weverton
43%
FW Gabriel Martinelli
29%
FW Igor Thiago
29%
FW Luiz Henrique
29%
DF Roger Ibanez
29%
No matching quizzes found
Score Distribution
Percent of People with Each Score
Percentile by Number Answered
Your Score History
You have not taken this quiz since the last reset